ბათუმის შოთა რუსთაველის სახელმწიფო უნივერსიტეტის ბიბლიოთეკა

კოგნიტურ-ბიჰევიორული თერაპია : (ბიბ.ჩანაწერი № 34428)

000 -ლიდერი
ფიქსირებული სიგრძის საკონტროლო ველი 01075nam a2200241Ia 4500
001 - საკონტროლო ნომერი
საკონტროლო ველი 169
003 - საკონტროლო ნომრის იდენტიფიკატორი
საკონტროლო ველი GE_BSU
005 - ბოლო ოპერაციის თარიღი და დრო
საკონტროლო ველი 20250328174405.0
008 - ფიქსირებული სიგრძის მონაცემთა ელემენტები - ზოგადი ინფორმაცია
ფიქსირებული სიგრძის საკონტროლო ველი 181216s2006||||ge |||||||||||||| ||geo||
020 ## - წიგნის საერთაშორისო სტანდარტული ნომერი
International Standard Book Number 9789994098668
040 ## - კატალოგიზაციის წყარო
Transcribing agency GE_BSU
041 ## - ენის კოდი
Language code of text/sound track or separate title geo
080 ## - უნივერსალური ათობითი კლასიფიკაციის ინდექსი
Universal Decimal Classification number 616.89 ა-15
100 ## - მთავარი ჩანაწერი - პიროვნების სახელი
Personal name აბდუშელიშვილი, ქეთევან
9 (RLIN) 24715
245 ## - ცნობა სათაურის შესახებ
Title კოგნიტურ-ბიჰევიორული თერაპია :
Remainder of title [სახელმძღვ.] /
Statement of responsibility, etc ქეთევან აბდუშელიშვილი, არჩილ ბეგიაშვილი; [რედ. რეზო კორინთელი] ; საქ. ფსიქ. ჯანმრთელობის ასოციაცია.
264 ## - წარმოების, გამოცემის, დისტრიბუციის და სხვა ცნობები
გამოცემის, წარმოების, დისტრიბუციის... ადგილი თბილისი :
გამოცემის, წარმოების, დისტრიბუციის... სახელწოდება [ნეკერი],
გამოცემის, წარმოების, დისტრიბუციის... თარიღი 2006.
300 ## - ფიზიკური აღწერა
Extent 269 გვ.
653 ## - INDEX TERM--UNCONTROLLED
Uncontrolled term ფსიქიკური დაავადებები
653 ## - INDEX TERM--UNCONTROLLED
Uncontrolled term ფსიქოთერაპია
653 ## - INDEX TERM--UNCONTROLLED
Uncontrolled term მედიცინა
942 ## - ADDED ENTRY ELEMENTS (KOHA)
Koha item type წიგნი
Source of classification or shelving scheme
ეგზემპლარები
ჩამოწერის სტატუსი დაკარგული ეგზემპლარის სტატუსი კლასიფიკაციის წყარო ან თაროზე გაწყობის სქემა დაზიანების სტატუსი არ გაიცემა მუდმივი მდებარეობა (დაცვის ადგილი) ამჟამინდელი ადგილსამყოფელი თაროზე განთავსების ადგილი შეძენის თარიღი ღირებულება, შესყიდვის ნორმალური ფასი სრული შენახვის შიფრი შტრიხკოდი ბოლო ოპერაციის თარიღი ეგზემპლარის მიმდევრობითი ნომერი (კეტერი?) ფასის ძალაში შესვლის თარიღი ეგზემპლარის სახეობა საჯარო შენიშვნა
          ბათუმის შოთა რუსთაველის სახელმწიფო უნივერსიტეტის მთავარი ბიბლიოთეკა ბათუმის შოთა რუსთაველის სახელმწიფო უნივერსიტეტის მთავარი ბიბლიოთეკა წიგნსაცავი 2018-12-17 15.00 616.89 ა-15 1125 2018-12-17 1125 2018-12-17 წიგნი 15 ლ.